| 000 | 00355cam a22001217a 4500 | ||
|---|---|---|---|
| 008 | 180718b1978 xxu||||| |||| 00| 0 eng d | ||
| 082 | _aF5x54 M834 | ||
| 100 | _aMorris-Jones, W.H. | ||
| 245 |
_aPolitics mainly Indian _cby W.H. Morris-Jones |
||
| 260 |
_aBombay _bOrient Longman _c1978 |
||
| 300 | _a392p. | ||
| 650 | _aIndia --Politics and government --1947- | ||
| 999 |
_c349546 _d349546 |
||